| 000 | 00720cam a22002171 4500 | ||
|---|---|---|---|
| 001 | 000019087 | ||
| 005 | 20200929165922.0 | ||
| 008 | 790130s1967 it 000 0 ita | ||
| 040 |
_aDO-SdBNP _cMoSW _dDLC _bBNPHU |
||
| 082 |
_a915.6 _bP662g |
||
| 100 | 1 |
_aPiovene, Guido, _d1907-1974. _941070 |
|
| 245 | 1 | 3 |
_aLa gente che perde Ierusalemme; : _bcronache dal Medio Oriente / _cGuido Piovene. |
| 260 |
_aMilano : _bArnoldo Mondadori, _c1967. |
||
| 300 |
_a145 p. ; _c21 cm. |
||
| 490 | 1 | _aLa Scie | |
| 500 | _aIncluye referencia biográfica del autor en la contracubierta. | ||
| 651 | 4 |
_aMedio Oeste _xDescripción Y Viajes _941071 |
|
| 830 | 0 |
_aLa Scie _941072 |
|
| 910 | _aCatalogación derivada / LC | ||
| 049 | _aBNGR | ||
| 999 |
_c18605 _d18605 |
||